LEADER 01375nam a2200301 4500 001 000000362421 003 CaOOAMICUS 005 20250407142842.0 008 250402s1999 it 000 u ita r 020 $a88-7972-276-X 040 $aSeMil$bita 100 1 $aFerrero, Guglielmo,$d<1871-1942>.$0(OLS)http://semarc/name/1315 240 10$aReconstruction.$0(OLS)http://semarc/title/453329 245 10$aRicostruzione :$bTalleyrand a Vienna (1814-1815) /$cGuglielmo Ferrero ; nota introduttiva di Sergio Romano. 264 1$aMilano :$bCorbaccio,$c1999. 300 $aXVII, 408 p. ;$c21 cm 490 1 $aCollana storica 600 14$aTalleyrand-Périgord, Charles Maurice : de <1754-1838>.$0(OLS)http://semarc/subject/17162 650 4$aCongresso di Vienna <1815>.$0(OLS)http://semarc/subject/46153 700 1 $aRomano, Sergio,$d<1929- >.$0(OLS)http://semarc/name/5465 830 0$aCollana storica.$0(OLS)http://semarc/title/1100 850 $aSeMil 852 $aSeMil$W1$xVenegono$y1$m3U III 565$j255820$B253337$CSeMilBibl$Z2$F253337 $81 961 $aBuzzi mons. Franco - Omaggio 996 $6020$a88-7972-276-X$9(OLS)http://semarc/number/302910 996 $6245$aRicostruzione :$bTalleyrand a Vienna (1814-1815)$9(OLS)http://semarc/title/453330 996 $6264$aMilano :$bCorbaccio$9(OLS)http://semarc/publisher/31394 LEADER 01297nam a2200253 i 4500 001 000000037061 003 CaOOAMICUS 005 20220609122834.0 008 120911s1970 it u000 u ita u 013 $a7285 040 $aSeMil$bita 100 1 $aCazzani, Eugenio,$c.$0(OLS)http://semarc/name/10584 245 12$aL'Archivio plebano di Arcisate :$bappunti per il 15. centenario del cristianesimo ad Arcisate /$cEugenio Cazzani. 264 1$a[S.l.] :$bEdizione «Olona»,$c1970$e(Saronno :$fScuola Tipografica P. Monti e Pont. Arciv. S. Giuseppe) 300 $a228 p. ;$c25 cm. 490 1 $aArchivi parrocchiali dell'Arcidiocesi di Milano 650 4$aArchivi ecclesiastici - Archivi parrocchiali.$0(OLS)http://semarc/subject/52379 650 4$aArcisate - Archivio plebano.$0(OLS)http://semarc/subject/52385 830 0$aArchivi parrocchiali dell'Arcidiocesi di Milano.$0(OLS)http://semarc/title/25295 850 $aSeMil 852 $aSeMil$W1$xVenegono$y1$m3P IV 202$j3216$B3216$CSeMilBibl$Z2$F3216 $81 996 $6245$aL'Archivio plebano di Arcisate :$bappunti per il 15. centenario del cristianesimo ad Arcisate$9(OLS)http://semarc/title/51676 996 $6264$a[S.l.] :$bEdizione «Olona»$9(OLS)http://semarc/publisher/39871